Normal view
MARC view
Entry Topical Term
001 - CONTROL NUMBER
- control field: 37261
003 - CONTROL NUMBER IDENTIFIER
- control field: ARRUPE
005 - DATE AND TIME OF LATEST TRANSACTION
- control field: 20171025121627.0
008 - FIXED-LENGTH DATA ELEMENTS
- fixed length control field: 171025|| aca||aabn | a|a d
040 ## - CATALOGING SOURCE
- Original cataloging agency: ARRUPE
- Transcribing agency: ARRUPE
150 ## - HEADING--TOPICAL TERM
- Topical term or geographic name as entry element: Strikes and lockouts
- General subdivision: Railroads
- Geographic subdivision: Africa, West
- General subdivision: History
- Form subdivision: Fiction.
670 ## - SOURCE DATA FOUND
- Source citation: Work cat.: (ARRUPE)0: Sembène, Ousmane, 1923-2007. 205, God's bits of wood., 1970.